000 01107nam0a22003251 4500
001 v19\rc\1963857
005 20251118181025.7
035 _a(NLR Aleph) 005047301
090 _a6857061
_c6857061
100 _a20080428d1913 u y0rusy50 ca
101 0 _arus
102 _aRU
105 _aa z |||||
200 1 _aНео-примитивизм
_eЕго теория. Его возможности. Его достижения
_fАлександр Шевченко
210 _aМосква
_cтип. 1 Моск. труд. артели
_d1913
215 _a34 с., 12 л. ил.
_d23
700 1 _aШевченко
_bА. В.
_cхудожник
_f1883-1948
_gАлександр Васильевич
_9249420
_3RU\NLR\AUTH\770249476
801 0 _aRU
_bNLR
_gpsbo
801 0 _aRU
_bRuMoRGB
_2psbo
801 1 _aRU
_bProSoft-M
_2rusmarc
852 _aNLR
_j37.55.4.204
852 _aNLR
_bМф
_jК1/15120
899 _aRuMoRGB
_jM 69/351
899 _aRuMoRGB
_jB 22/806
899 _aRuMoRGB
_jU 301/193
899 _aRuMoRGB
_j801-83/11483-6
899 _aБАН
942 _cBOOK
980 _aNB